Paroles - Je meurs de toi - Charles Aznavour - Statistiques

Statistiques générales
  • Ce quiz a été pris 4 fois
  • Le résultat moyen est 85 sur 166
Statistiques - réponses
% Correct
de
100%
De
100%
je
100%
Je
100%
meurs
100%
toi
100%
À
67%
amour
67%
au
67%
cœur
67%
des
67%
Dès
67%
En
67%
en
67%
et
67%
Et
67%
la
67%
les
67%
ma
67%
mes
67%
moi
67%
mon
67%
Mon
67%
ne
67%
Ne
67%
nous
67%
67%
ou
67%
par
67%
peux
67%
pour
67%
qu’à
67%
quand
67%
que
67%
qui
67%
se
67%
si
67%
sur
67%
tes
67%
tu
67%
vie
67%
deux
33%
deviens
33%
du
33%
encore
33%
es
33%
fois
33%
heure
33%
Heureux
33%
malheureux
33%
mer
33%
pars
33%
peur
33%
quoi
33%
qu’une
33%
serait-ce
33%
suis
33%
tous
33%
Une
33%
une
33%
veux
33%
vit
33%
yeux
33%
agonie
0%
âme
0%
Battue
0%
blottie
0%
bras
0%
Brûlé
0%
chaque
0%
claque
0%
d’amour
0%
désarroi
0%
désespoir
0%
émois
0%
Entre
0%
faiblesse
0%
forme
0%
fort
0%
île
0%
l’instant
0%
loin
0%
m’aimes
0%
m’emportes
0%
moi-même
0%
moments
0%
murmure
0%
Nue
0%
perd
0%
perdue
0%
port
0%
porte
0%
prends
0%
rentres
0%
retour
0%
Sais-tu
0%
sors
0%
s’ouvre
0%
très
0%
vents
0%
vivre
0%
Aucun quiz correspondant
Distribution des résultats
% des personnes avec chaque résultat
Percentile par nombre de réponses
Votre historique - résultats
Vous n’avez pas pris ce quiz